000 00797nam a2200265Ia 4500
003 GCL
008 140319s9999 xx 000 0 ara d
040 _aGCL /
_cGCL
082 0 4 _a649
_bب م
100 1 _aبينارد، كلود
245 1 0 _aالمولود الاول منذ ولادتة حتى عامة الثالث /
_cبينارد، كلود
260 _a[S.N] :
_bالدار الدولية للنشر والتوزيع ،
_c1991
300 _a185 ص
490 _a
650 0 4 _aالتربية
650 0 4 _aالاطفال
650 0 4 _aامراض
650 0 4 _aعلم النفس
650 0 4 _aالعناية الصحية
650 0 4 _aتغذية
650 0 4 _aنمو
650 0 4 _aالاطفال الرضع
650 0 4 _aالرعاية والعلاج
942 _2ddc
_cBK
999 _c30526
_d30526